Subdivision capitals closest to Sofija (BG) - Statistics

General Stats
  • This quiz has been taken 11 times
  • The average score is 14 of 20
Answer Stats
Distance (km) Answer % Correct
11 131 Plovdiv
100%
3 70 Kjustendil
80%
10 122 Loveč
80%
6 80 Montana
80%
13 136 Niš
80%
7 99 Pazardžik
80%
1 27 Pernik
80%
5 80 Pirot
80%
12 131 Pleven
80%
16 148 Vidin
80%
20 159 Zaječar
80%
4 77 Blagoevgrad
60%
15 146 Kumanovo
60%
8 118 Leskovac
60%
14 142 Štip
60%
17 151 Strumica
60%
2 59 Vraca
60%
9 118 Vranje
60%
19 155 Gjilan/Gnjilane
40%
18 154 Prokuplje
40%
No matching quizzes found
Score Distribution
Percent of People with Each Score
Percentile by Number Answered
Your Score History
You have not taken this quiz